Introducción a la Transformada de Laplace : (Record no. 8038)

000 -CABECERA
fixed length control field 00950nam a22002417a 4500
003 - IDENTIFICADOR DEL NÚMERO DE CONTROL
control field AR-CdUCM
008 - DATOS DE LONGITUD FIJA--INFORMACIÓN GENERAL
fixed length control field 190322b ||||| |||| 00| 0 spa d
040 ## - FUENTE DE LA CATALOGACIÓN
Agencia/entidad que catalogó originalmente la obra MUNICIPALIDAD PROVINCIAL DEL CUSCO
Entidad que transcribió la catalogación BIBLIOTECA MUNICIPAL DEL CUSCO
082 ## - NÚMERO DE LA CLASIFICACIÓN DECIMAL DEWEY
No. de Clasificación 510 /
Notacion interna J14
100 ## - ENTRADA PRINCIPAL--NOMBRE DE PERSONA
Nombre Personal Jaeger, J. C.
245 ## - MENCIÓN DE TÍTULO
Título Introducción a la Transformada de Laplace :
Resto del título Con aplicaciones a Ingeniería /
260 ## - PUBLICACIÓN, DISTRIBUCIÓN, ETC.
Lugar de publicación, distribución, etc. México :
Nombre de la editorial, distribuidor, etc. Hispano Americana ;
Fecha de publicación, distribución, etc. 1966.
300 ## - DESCRIPCIÓN FÍSICA
Nº de Páginas Extensión 199 páginas ;
Otros detalles físicos Diagramas, fórmulas
Dimensiones 17cm
440 ## - MENCIÓN DE SERIE/PUNTO DE ACCESO ADICIONAL--TÍTULO
Título Colección Manual Uteha
Número de la parte/sección de una obra 214/214a
9 (RLIN) 22722
505 ## - NOTA DE CONTENIDO CON FORMATO
Nota de contenido formateada Contenido: Teoría fundamental -- Teoría de los circuitos eléctricos -- Otros teoremas y sus aplicaciones -- Ecuaciones diferenciales parciales -- Empleo de la variable completa
650 ## - PUNTO DE ACCESO ADICIONAL DE MATERIA--TÉRMINO DE MATERIA
Descriptor Matemáticas
9 (RLIN) 9398
650 ## - PUNTO DE ACCESO ADICIONAL DE MATERIA--TÉRMINO DE MATERIA
Descriptor Circuitos eléctricos
9 (RLIN) 22723
650 ## - PUNTO DE ACCESO ADICIONAL DE MATERIA--TÉRMINO DE MATERIA
Descriptor Ecuaciones
9 (RLIN) 19076
942 ## - ELEMENTOS DE PUNTO DE ACCESO ADICIONAL (KOHA)
Fuente de clasificación
Tipo de item Libros-BMC
945 ## - PROCESAMIENTO DE INFORMACIÓN LOCAL (OCLC)
Catalogador nom
Holdings
Estado de retiro (separado) Fuente de clasificación o esquema de estanterías Estado dañado Ubicación Sala donde se ubica Nombre de la colección Fecha de adquisición o compra Costo, precio normal en soles Signatura topográfica Código de Barras Última vez visto (Koha) Tipo de ítem (Koha)
No     Sala Ciencias Sala Ciencias Book Cart 2019-03-22 25.00 510 / J14 SC0000000926 2019-03-22 Libros-BMC

Powered by Koha